[Event "Challenge"]
[Site "http://www.queenalice.com/game.php?id=1560993"]
[Date "2019.2.13"]
[Round "-"]
[White "Sam94"]
[Black "zemari"]
[Result "1-0"]
[WhiteElo "1552"]
[BlackElo "1505"]

1. d4 d5 2. c4 dxc4 3. Nc3 e6 4. e4 a6 5. Bxc4 Bb4 6. Bd2 Bf8 7. Nf3 Nc6 8. Qa4
Bd7 9. Qb3 b5 10. Bd3 Be7 11. O-O Qb8 12. d5 exd5 13. Nxd5 Bf6 14. Nxf6+ Nxf6
15. Ng5 O-O 16. Qc2 Ne5 17. Bc3 c5 18. Rae1 c4 19. Be2 Qb7 20. Bxe5 Bc6 21. Bxf6
gxf6 22. e5 fxg5 23. Qf5 h6 24. e6 Bxg2 25. exf7+ Rxf7 26. Qe6 Bxf1 27. Bxf1 Kg7
28. Bg2 Qxg2+ 29. Kxg2 b4 30. Qc6 Raf8 31. Re2 c3 32. bxc3 Rf6 33. Re7+ Kg6 34.
Qe4+ Rf5 35. f3 bxc3 36. Qc6+ R8f6 37. Qe8+ Rf7 38. Qg8+ Kh5 39. Qe8 Kg6 40.
Rxf7 Rxf7 41. Qg8+ Rg7 42. Qe6+ Kh5 43. Qg4+ Kg6 44. f4 Rf7 45. h4 Rxf4 46. Qe6+
Kh5 47. hxg5 hxg5 48. Qh3+ Kg6 49. Qxc3 Rg4+ 50. Kf3 Rf4+ 51. Kg3 Rf6 52. Qd3+
Kh6 53. a4 Rg6 54. Kg4 Rf6 55. Qh3+ Kg6 56. Qh5+ Kg7 57. Qxg5+ Rg6 58. Qxg6+
Kxg6 59. Kf4 Kf6 60. a5 Ke6 61. Ke4 Kd6 62. Kd4 Kc6 63. Kc4 Kb7 64. Kc5 Kc7 65.
Kd5 Kb7 66. Kc5 Kc7 67. Kd5 Kb7 68. Kc5 Kc7 69. Kd5 Kd7 70. Kc5 Kc8 71. Kb6 Kb8
72. Kxa6 Ka8 73. Kb6 1-0

[Event "Challenge"]
[Site "http://www.queenalice.com/game.php?id=1561322"]
[Date "2019.2.18"]
[Round "-"]
[White "MarceloT"]
[Black "Sam94"]
[Result "1-0"]
[WhiteElo "1585"]
[BlackElo "1542"]

1. e4 d5 2. d4 e6 3. e5 Bb4+ 4. c3 Ba5 5. b4 Bb6 6. c4 Qh4 7. c5 Qe4+ 8. Be3 Nd7
9. cxb6 axb6 10. Nc3 Qf5 11. Bd3 Qxd3 12. Qxd3 Ra3 13. f4 Nh6 14. Nf3 Nf5 15.
O-O Nxe3 16. Qxe3 b5 17. Qc1 Ra6 18. Nxb5 Rc6 19. Qa3 Nb6 20. Rac1 Nc4 21. Qa8
Kd7 22. Qa3 Nxa3 23. Nxa3 Ra6 24. Rc3 Ra4 25. Rfc1 c6 26. b5 cxb5 27. Rc7+ Kd8
28. Rxc8+ Kd7 29. R1c7# 1-0

[Event "Challenge"]
[Site "http://www.queenalice.com/game.php?id=1565738"]
[Date "2019.3.27"]
[Round "-"]
[White "NOVAG91"]
[Black "Sam94"]
[Result "1-0"]
[WhiteElo "1416"]
[BlackElo "1584"]

1. e4 d5 2. e5 e6 3. d4 Bb4+ 4. c3 Ba5 5. b4 Bb6 6. Nf3 Ne7 7. Bd3 O-O 8. O-O a5
9. b5 Bd7 10. Na3 Nf5 11. Re1 a4 12. Ng5 h6 13. Nf3 Ba5 14. Qxa4 Bxc3 15. Qxa8
Bxa1 16. Nc2 Bc3 17. Bd2 Bxd2 18. Nxd2 Qg5 19. Nf3 Qf4 20. Qxb7 Nh4 21. Qxc7 Qg4
22. Nxh4 Qxh4 23. Rf1 Rc8 24. Qb6 f5 25. exf6 gxf6 26. Re1 Qf4 27. Qa5 Kh8 28.
a4 Rg8 29. g3 Qf3 30. Qd2 Kg7 31. Ne3 f5 32. Be2 Qe4 33. f3 Qxe3+ 34. Qxe3 Rf8
35. Qe5+ Rf6 36. Qxb8 Rf8 37. Qd6 Rf7 38. f4 Kg6 39. Rc1 h5 40. Rc7 Be8 41.
Qxe6+ Rf6 42. Qxe8+ Kh6 43. Qh8+ 1-0

[Event "Challenge"]
[Site "http://www.queenalice.com/game.php?id=1565739"]
[Date "2019.3.27"]
[Round "-"]
[White "Sam94"]
[Black "NOVAG91"]
[Result "1-0"]
[WhiteElo "1574"]
[BlackElo "1426"]

1. d4 d5 2. c4 Nf6 3. e3 Bf5 4. Nf3 e6 5. Bd3 c5 6. Bxf5 exf5 7. Ne5 Nbd7 8. Qa4
Bd6 9. O-O O-O 10. cxd5 a6 11. Bd2 b5 12. Qc2 Ne4 13. Nxd7 Qxd7 14. f3 Ng5 15.
f4 Ne4 16. Nc3 b4 17. Na4 Qb7 18. dxc5 Qxd5 19. cxd6 Rac8 20. Nb6 Nxd2 21. Nxd5
Rxc2 22. Rfd1 a5 23. Ne7+ Kh8 24. Nxf5 Ne4 25. d7 Rd8 26. Rd4 Nc5 27. Rad1 Rxb2
28. Ne7 Ne6 29. Rd6 Rc2 30. Nc6 Rxa2 31. Rxe6 fxe6 32. Nxd8 g6 33. Nxe6 Kg8 34.
d8=Q+ Kf7 35. Qd7+ Kf6 36. Ng5 1-0

[Event "Challenge"]
[Site "http://www.queenalice.com/game.php?id=1566777"]
[Date "2019.4.6"]
[Round "-"]
[White "Sam94"]
[Black "Dje_37"]
[Result "0-1"]
[WhiteElo "1584"]
[BlackElo "1948"]

1. d4 Nf6 2. Nc3 g6 3. e4 d6 4. Nf3 Bg7 5. Bg5 Nbd7 6. d5 O-O 7. Bb5 Nc5 8. Bxf6
Bxf6 9. O-O a6 10. b4 Bxc3 11. Be2 Bxa1 12. Qxa1 Nxe4 13. Qd4 Nf6 14. Qh4 Bg4
15. h3 Bxf3 16. Bxf3 Kg7 17. Rd1 Qd7 18. Rd4 Qa4 19. Qg3 a5 20. Rh4 Qxc2 21. Qf4
axb4 22. Qh6+ Kg8 23. Be4 Qd1+ 24. Kh2 Rxa2 25. g4 Rxf2+ 26. Bg2 Qxd5 0-1

[Event "Challenge"]
[Site "http://www.queenalice.com/game.php?id=1568606"]
[Date "2019.4.23"]
[Round "-"]
[White "Sam94"]
[Black "Baby_Chess_91"]
[Result "0-1"]
[WhiteElo "1584"]
[BlackElo "1706"]

1. d4 d5 2. c4 Nf6 3. Nf3 e6 4. Nc3 Bb4 5. Bd2 Nc6 6. e3 b6 7. Qa4 Bd7 8. c5
Nxd4 9. Nb5 Bxd2+ 10. Nxd2 Nc6 11. Qf4 O-O 12. Nxc7 e5 13. Qg3 Qxc7 14. e4 Nd4
15. Bd3 Rfe8 16. Qh4 Qxc5 17. exd5 Rac8 18. Ne4 Ng4 19. Nxc5 Rxc5 20. Qxh7+ Kf8
21. Qh8+ Ke7 22. Qxg7 e4 23. Qxd4 exd3 24. O-O Bf5 25. Qe5+ Nxe5 26. Rad1 Rxd5
27. f4 Ng4 28. Rfe1+ Kf8 29. Rf1 Re2 30. Rf3 d2 31. h3 Ne3 32. Rg3 Re1+ 33. Kf2
Rxd1 34. Rxe3 Rf1+ 35. Kxf1 d1=Q+ 36. Kf2 Qd2+ 37. Re2 Qxf4+ 38. Ke1 Qg3+ 39.
Rf2 Re5+ 40. Kf1 Bd3+ 41. Kg1 Re1+ 42. Rf1 Rxf1# 0-1

[Event "Challenge"]
[Site "http://www.queenalice.com/game.php?id=1568607"]
[Date "2019.4.23"]
[Round "-"]
[White "Baby_Chess_91"]
[Black "Sam94"]
[Result "0-1"]
[WhiteElo "1729"]
[BlackElo "1561"]

1. Nf3 d5 2. d4 Nf6 3. Nc3 Nc6 4. h3 Be6 5. e3 Qd6 6. a3 O-O-O 7. Nb5 Qd7 8. Ne5
Nxe5 9. Nxa7+ Kb8 10. Nb5 c6 11. Nc3 Bf5 12. dxe5 Ne4 13. Na4 Qe6 14. Qd4 f6 15.
Qb6 Qxe5 16. Qxd8+ Ka7 17. Ba6 Nd6 18. e4 Qxe4+ 19. Be3+ d4 20. Qb6+ Kb8 21. Nc5
Qxg2 22. Kd2 dxe3+ 23. Kc3 e2 24. Nxb7 Qf3+ 25. Kd4 Qxf2+ 26. Kc3 Qxb6 27. Bxe2
Ne4+ 28. Kd3 Kxb7 29. Rhb1 Nf2+ 30. Kd2 Ne4+ 31. Kd3 e6 32. b4 Nf2+ 33. Kd2 Qd4+
34. Ke1 Bxc2 35. Rc1 Nd3+ 36. Bxd3 Bxd3 37. Kd2 Be7 38. a4 Rd8 39. a5 Bf5+ 40.
Ke2 Qd2+ 41. Kf3 Rd4 42. a6+ Ka7 43. Rxc6 Rd3# 0-1

[Event "Challenge"]
[Site "http://www.queenalice.com/game.php?id=1568608"]
[Date "2019.4.23"]
[Round "-"]
[White "Sam94"]
[Black "Dje_37"]
[Result "0-1"]
[WhiteElo "1573"]
[BlackElo "1968"]

1. d4 Nf6 2. c4 d6 3. Nf3 g6 4. Nc3 Bg7 5. Qa4+ Nbd7 6. e3 O-O 7. Bd3 c5 8. d5
Nb6 9. Qd1 e6 10. O-O e5 11. Ne4 Nxe4 12. Bxe4 Nxc4 13. b3 Nb6 14. Bd2 Bd7 15.
Rc1 Qc8 16. Bb4 Bh3 17. Ng5 Qg4 18. f4 cxb4 19. Nxh3 Qxd1 20. Rfxd1 Rac8 21.
Rxc8 Rxc8 22. Bf3 Rc2 23. e4 Rxa2 24. Rc1 exf4 25. Nxf4 Bd4+ 26. Kf1 Be3 27. Nd3
Bxc1 28. Nxc1 Ra1 29. g4 Rxc1+ 30. Ke2 Rc3 31. Bg2 Rxb3 32. Bf3 Nc4 33. Kf2 Ne5
34. Bd1 Rc3 35. Be2 b3 0-1

[Event "Challenge"]
[Site "http://www.queenalice.com/game.php?id=1568609"]
[Date "2019.4.23"]
[Round "-"]
[White "Dje_37"]
[Black "Sam94"]
[Result "1-0"]
[WhiteElo "1968"]
[BlackElo "1561"]

1. Nf3 d5 2. c4 Nf6 3. b3 Nc6 4. Bb2 Bf5 5. d3 e6 6. Nbd2 Bb4 7. g3 Qd6 8. Bg2
d4 9. O-O Ng4 10. Qc2 e5 11. Ng5 Qh6 12. h4 O-O 13. Bd5 Be6 14. Nxe6 fxe6 15.
Bf3 Bxd2 16. Bxg4 Nb4 17. Qd1 Rf6 18. Ba3 Nc6 19. Rb1 Bb4 20. Bc1 Qg6 21. Bg5
Rf7 22. Qc1 e4 23. h5 Qf5 24. Bxf5 Rxf5 25. g4 Rf7 26. dxe4 Ne5 27. f3 Bc5 28.
Kg2 Raf8 29. Qd2 Bd6 30. Qxd4 h6 31. c5 Nxf3 32. exf3 hxg5 33. cxd6 Rd7 34. Rh1
Rf4 35. h6 gxh6 36. Rxh6 Rdf7 37. Qh8# 1-0

[Event "Challenge"]
[Site "http://www.queenalice.com/game.php?id=1571758"]
[Date "2019.5.22"]
[Round "-"]
[White "Baby_Chess_91"]
[Black "Sam94"]
[Result "1-0"]
[WhiteElo "1709"]
[BlackElo "1562"]

1. Nf3 d5 2. d4 e6 3. Nc3 Bb4 4. Bd2 Nc6 5. e4 Nf6 6. Bb5 Bd7 7. O-O dxe4 8. Ng5
Nxd4 9. Bc4 Bc6 10. Ncxe4 Bxd2 11. Nxd2 Ng4 12. Qxg4 Nxc2 13. Nxe6 fxe6 14.
Qxe6+ Qe7 15. Rfe1 Qxe6 16. Rxe6+ Kd7 17. Rc1 Nd4 18. Re5 Rae8 19. Rce1 Nc2 20.
R1e2 Kd8 21. Nb3 Rxe5 22. Rxe5 b5 23. Bxb5 Bxb5 24. Rxb5 Kc8 25. Na5 Re8 26. g4
Re1+ 27. Kg2 Nd4 28. Rg5 g6 29. a4 Ne2 30. Re5 Rg1+ 31. Kf3 Nd4+ 32. Kf4 Rb1 33.
Re8+ Kd7 34. Rb8 Ne6+ 35. Ke5 Re1+ 36. Kd5 c6+ 37. Nxc6 Nc7+ 38. Kc5 Na6+ 39.
Kb5 Nxb8 40. Nxb8+ Kc8 41. Nc6 Kb7 42. b4 Rc1 43. Na5+ Kc8 44. Ka6 Re1 45. b5
Re6+ 46. Nc6 Kc7 47. Kxa7 Re4 48. a5 Rf4 49. Ne7 Rf7 50. b6+ Kd6 51. b7 Rxe7 52.
Kb6 Re8 53. a6 Kd5 54. Kc7 Re7+ 55. Kb6 Re6+ 56. Ka7 Re8 57. b8=Q Rxb8 58. Kxb8
1-0

[Event "Challenge"]
[Site "http://www.queenalice.com/game.php?id=1571759"]
[Date "2019.5.22"]
[Round "-"]
[White "Sam94"]
[Black "Baby_Chess_91"]
[Result "0-1"]
[WhiteElo "1573"]
[BlackElo "1700"]

1. d4 d5 2. c4 Nf6 3. Nf3 Bf5 4. e3 e6 5. Ne5 Qe7 6. Qa4+ Nbd7 7. c5 g6 8. c6
bxc6 9. Qxc6 Rb8 10. Qxc7 Qb4+ 11. Nc3 Bh6 12. Nc6 Qb7 13. Qd6 Bf8 14. Qf4 Qxc6
15. Be2 Bd6 16. Qh6 Bf8 17. Qg5 h6 18. Qg3 Qb6 19. O-O Bd6 20. f4 O-O 21. Qh4 h5
22. Nb5 Bb4 23. a3 Qa6 24. b3 Ne4 25. Bb2 Bd2 26. Bc1 Bb4 27. Bb2 Ba5 28. Qe7 e5
29. fxe5 Bd8 30. Qb4 Bg5 31. Nc3 Bxe3+ 32. Kh1 Nf2+ 33. Rxf2 Bd3 34. Bxd3 Qxd3
35. Rff1 Rxb4 36. axb4 Qxd4 37. Na4 Qd2 38. Bc1 Qe2 39. Bxe3 Qxe3 40. Rae1 Qd4
41. Rc1 Nxe5 42. Nc5 Ng4 43. Nd7 Rd8 44. Rc7 Qe3 45. Nc5 Nf2+ 46. Rxf2 Qe1+ 0-1

[Event "Challenge"]
[Site "http://www.queenalice.com/game.php?id=1592101"]
[Date "2019.12.5"]
[Round "-"]
[White "Paulojunior76"]
[Black "Sam94"]
[Result "1-0"]
[WhiteElo "1111"]
[BlackElo "1568"]

1. e4 d5 2. d3 Nf6 3. e5 Ng4 4. d4 Bf5 5. g3 e6 6. Bg2 c5 7. c3 Qa5 8. Nf3 cxd4
9. Nxd4 Bc5 10. O-O Nxe5 11. Nxf5 exf5 12. b4 Bxf2+ 13. Rxf2 Qb6 14. Qxd5 Nbd7
15. Bg5 Ng4 16. Qxf5 Nxf2 17. Qxf2 Qxf2+ 18. Kxf2 O-O 19. Bxb7 Rab8 20. Bd5 Ne5
21. Nd2 Ng4+ 22. Kg2 Ne3+ 23. Bxe3 Rfd8 24. Bb3 Rd3 25. Bf4 Re8 26. Kf2 Rxc3 27.
Ba4 Rd8 28. Re1 h6 29. Ne4 Ra3 30. Bb3 Re8 31. Nd6 Rb8 32. Re8+ Rxe8 33. Nxe8
Ra6 34. Be3 Kf8 35. Nc7 Rc6 36. Nd5 Rg6 37. Ba4 Re6 38. b5 Re4 39. Bb3 Re5 40.
Bxa7 Rf5+ 41. Ke3 Re5+ 42. Kf3 g5 43. b6 Rf5+ 44. Ke4 Rf1 45. b7 Re1+ 46. Ne3
f5+ 47. Kd3 Rh1 48. b8=Q+ Kg7 49. Qb7+ 1-0

[Event "Challenge"]
[Site "http://www.queenalice.com/game.php?id=1603812"]
[Date "2020.3.23"]
[Round "-"]
[White "Sam94"]
[Black "dejami"]
[Result "0-1"]
[WhiteElo "1551"]
[BlackElo "1745"]

1. d4 e6 2. c4 b6 3. e4 Qf6 4. e5 Qe7 5. Nf3 h6 6. Bd3 Nc6 7. O-O g5 8. Be4 Bb7
9. d5 Nd8 10. b3 f6 11. Na3 a6 12. d6 cxd6 13. exd6 Qf7 14. Bxb7 Nxb7 15. Be3
Bxd6 16. Bxb6 Bxa3 17. Qd4 Ne7 18. Rad1 O-O 19. Qxd7 Nc5 20. Qa4 Nxa4 21. bxa4
Nf5 22. Rd3 Bb2 23. Rb1 Be5 24. c5 Ne7 25. Rd7 Qe8 26. Rbd1 Nc6 27. Rb7 Qh5 28.
h3 g4 29. Rdd7 Rf7 30. Nh2 Raf8 31. Nxg4 Rxd7 32. Rxd7 Qg5 33. g3 h5 34. f4 Qg6
35. fxe5 hxg4 36. h4 fxe5 37. Rd6 Qb1+ 0-1

[Event "Challenge"]
[Site "http://www.queenalice.com/game.php?id=1603813"]
[Date "2020.3.23"]
[Round "-"]
[White "dejami"]
[Black "Sam94"]
[Result "1-0"]
[WhiteElo "1753"]
[BlackElo "1543"]

1. e4 d5 2. e5 e6 3. d4 Nc6 4. Bb5 Bd7 5. Be2 Qh4 6. Nf3 Qe4 7. O-O O-O-O 8. Nc3
Qg6 9. Nh4 Qf6 10. Nf3 Qg6 11. Bd3 f5 12. Nh4 Qe8 13. Bf4 Nxd4 14. Be3 Bc5 15.
Ne2 Qh5 16. g3 Nh6 17. Nxd4 g5 18. Qxh5 Ng4 19. Nb3 Nxe3 20. Nxc5 Be8 21. Qxg5
Bf7 22. Qxe3 Rhg8 23. Na4 d4 24. Qf3 Rg4 25. Nc5 c6 26. Qe2 Bh5 27. Qd2 Bf7 28.
Qh6 Bg8 29. Nf3 Rd5 30. Nb3 Rg6 31. Qh4 Rg4 32. Qe7 Rd7 33. Qa3 f4 34. Qxa7 Rd8
35. Nc5 Rg7 36. Ba6 Rdd7 37. Nxd7 Rxd7 38. Qa8+ 1-0

[Event "Challenge"]
[Site "http://www.queenalice.com/game.php?id=1618905"]
[Date "2020.7.2"]
[Round "-"]
[White "Baby_Chess_91"]
[Black "Sam94"]
[Result "1-0"]
[WhiteElo "1680"]
[BlackElo "1535"]

1. e4 d5 2. e5 e6 3. d4 Bb4+ 4. Nc3 Ne7 5. Bd3 Bxc3+ 6. bxc3 c6 7. Nf3 Qa5 8.
Bd2 Qd8 9. O-O O-O 10. Nh4 Nd7 11. Qh5 Ng6 12. Nf3 Nf4 13. Qxh7# 1-0

[Event "Challenge"]
[Site "http://www.queenalice.com/game.php?id=1618906"]
[Date "2020.7.2"]
[Round "-"]
[White "Sam94"]
[Black "Baby_Chess_91"]
[Result "0-1"]
[WhiteElo "1508"]
[BlackElo "1691"]

1. d4 d5 2. c4 Nf6 3. Nf3 Nc6 4. e3 Bf5 5. Qa4 e6 6. c5 Be7 7. Ne5 O-O 8. Nxc6
bxc6 9. Qxc6 Qb8 10. Nd2 Ne4 11. Qd7 Bg5 12. f4 Bh6 13. Nxe4 Bxe4 14. Be2 Qb4+
15. Bd2 Qxb2 16. Rd1 Bxg2 17. Rg1 Be4 18. Qxc7 g6 19. a4 Bg7 20. c6 Rfc8 21. Qd7
Qb6 22. Bb5 Bf6 23. Rc1 a6 24. Be2 a5 25. Bb5 Rc7 26. Qd6 Rd8 27. Qa3 Be7 28.
Qc3 Ra8 29. Ke2 Qb8 30. Qb2 Qf8 31. Bc3 Ba3 32. Qd2 Bxc1 33. Qxc1 Qh6 34. Rh1
Qh5+ 35. Kd2 Qf3 36. Rf1 Qg2+ 37. Ke1 Qxh2 38. Qd2 Qh3 39. Bxa5 Rxa5 40. Qxa5
Qxe3+ 41. Be2 Bd3 42. Rf2 Qc1+ 43. Bd1 Rxc6 44. Qd8+ Kg7 45. Rd2 Qc3 46. a5 Rc4
47. a6 Rxd4 48. Bf3 Qc1+ 49. Rd1 Qe3+ 0-1

[Event "Challenge"]
[Site "http://www.queenalice.com/game.php?id=1619681"]
[Date "2020.7.8"]
[Round "-"]
[White "Sam94"]
[Black "dejami"]
[Result "0-1"]
[WhiteElo "1525"]
[BlackElo "1719"]

1. d4 e6 2. c4 Nc6 3. d5 exd5 4. Qxd5 Nf6 5. Qd3 Nb4 6. Qc3 Ne4 7. Qb3 c5 8. Na3
a6 9. Qe3 f5 10. Qh3 d6 11. Nf3 Be7 12. e3 h5 13. Be2 f4 14. g4 Bxg4 15. Qg2 g5
16. Ng1 Bxe2 17. Kxe2 d5 18. h4 g4 19. f3 Ng3+ 20. Kf2 Bxh4 21. Rh2 Nd3# 0-1

[Event "Challenge"]
[Site "http://www.queenalice.com/game.php?id=1619682"]
[Date "2020.7.8"]
[Round "-"]
[White "dejami"]
[Black "Sam94"]
[Result "1-0"]
[WhiteElo "1701"]
[BlackElo "1517"]

1. e4 d5 2. Qf3 Nf6 3. e5 Ne4 4. d3 Nc5 5. d4 Ne6 6. Nc3 Nxd4 7. Qd1 Nf5 8. Bd3
d4 9. Ne4 e6 10. Bg5 Be7 11. Bc1 Qd5 12. Nf3 Nc6 13. g4 Nh6 14. Rg1 Na5 15. h3
f5 16. Ned2 Bd7 17. Nb3 Nc6 18. g5 Nf7 19. Qe2 Bb4+ 20. Kf1 h6 21. g6 Ng5 22.
Bxg5 hxg5 23. h4 gxh4 24. a3 Ba5 25. Nc1 h3 26. Rh1 O-O-O 27. Rh2 Be8 28. b3
Bxg6 29. c4 Qd7 30. b4 Bb6 31. c5 Nxb4 32. axb4 Ba5 33. Rxa5 a6 34. b5 Qd5 35.
bxa6 Bh5 36. axb7+ Kxb7 37. Qb2+ Kc8 38. Ba6+ Kd7 39. c6+ Qxc6 40. Bb5 Rb8 41.
Bxc6+ Kc8 42. Qa2 Rd8 43. Qxe6+ Rd7 44. Qxd7# 1-0

[Event "Challenge"]
[Site "http://www.queenalice.com/game.php?id=1627941"]
[Date "2020.9.24"]
[Round "-"]
[White "dejami"]
[Black "Sam94"]
[Result "1-0"]
[WhiteElo "1704"]
[BlackElo "1499"]

1. e4 d5 2. e5 e6 3. d4 Ne7 4. Nh3 Nec6 5. c3 Be7 6. Qg4 g6 7. Bd3 f5 8. Qg3 Bh4
9. Qf4 g5 10. Qd2 g4 11. Ng1 Bg5 12. Qxg5 Qxg5 13. Bxg5 Nd7 14. Ne2 h6 15. Bh4
Nf8 16. Na3 Ng6 17. Bf6 Rg8 18. Nb5 Kf7 19. Nxc7 Rb8 20. Nb5 a6 21. Nd6+ Kf8 22.
h3 b5 23. a4 bxa4 24. O-O gxh3 25. g3 Nh4 26. Bxh4 Rxb2 27. Nxc8 Na5 28. Rfb1
Rd2 29. Bxa6 Rg4 30. Rxa4 Nc6 31. Rb6 Rxe2 32. Bxe2 Re4 33. Bb5 Re1+ 34. Kh2 Kg7
35. Rxc6 f4 36. Ra7+ Kg6 37. Rxe6+ Kf5 38. Rf6+ Kg4 39. Rxf4+ Kh5 40. Be8# 1-0

[Event "Challenge"]
[Site "http://www.queenalice.com/game.php?id=1627942"]
[Date "2020.9.24"]
[Round "-"]
[White "Sam94"]
[Black "dejami"]
[Result "0-1"]
[WhiteElo "1491"]
[BlackElo "1697"]

1. d4 e6 2. e4 Nf6 3. Bd3 Nc6 4. Bf4 Nxd4 5. Be5 Nc6 6. f4 Ng8 7. Nf3 h6 8. O-O
f6 9. Bc3 Bc5+ 10. Kh1 Nce7 11. Nd4 c6 12. Nb3 Bb6 13. f5 e5 14. Qh5+ Kf8 15.
Bc4 d5 16. Be2 Bd7 17. Rf3 dxe4 18. Rg3 Nxf5 19. Rg4 Be8 20. Qxf5 Bd7 21. Qg6
Bxg4 22. Qxg4 Qd5 23. N1d2 e3 24. Ne4 Re8 25. Rf1 h5 26. Qf5 Ne7 27. Qf3 Kg8 28.
Bb4 Ng6 29. Nxf6+ gxf6 30. Qxf6 Nf4 31. Qg5+ Kf7 32. Nc1 Ke6 33. Bc3 Reg8 34.
Qxg8+ Rxg8 35. Bf3 Qd8 36. Ne2 Nxe2 37. Bxe2 Qg5 38. Bc4+ Kd6 39. Rd1+ Kc7 40.
Bxg8 Qxg8 41. Bxe5+ Kc8 42. a4 Qg5 43. Bc3 h4 44. Re1 Qf4 45. a5 Bc7 46. g3 hxg3
47. hxg3 Qxg3 48. Re2 Qf3+ 49. Rg2 Qf1+ 50. Rg1 Qh3# 0-1

[Event "Challenge"]
[Site "http://www.queenalice.com/game.php?id=1636156"]
[Date "2020.12.12"]
[Round "-"]
[White "zmanomega"]
[Black "Sam94"]
[Result "1-0"]
[WhiteElo "1565"]
[BlackElo "1483"]

1. d4 d5 2. c3 e6 3. Nf3 Bd6 4. e3 Nf6 5. Bd3 Nc6 6. O-O Ng4 7. h3 Nh6 8. e4
dxe4 9. Bxe4 O-O 10. Bxh6 gxh6 11. Nbd2 f5 12. Bd3 Bf4 13. Nc4 b5 14. Na3 b4 15.
cxb4 Nxb4 16. Nc4 Nxd3 17. Qxd3 Qd5 18. b3 Ba6 19. g3 Bd6 20. Qe3 Bxc4 21. bxc4
Qxc4 22. Kg2 f4 23. gxf4 Bxf4 24. Qe4 Rf7 25. Qxa8+ Kg7 26. Qxa7 Rf6 27. Nh4
Qd5+ 28. Kg1 Qg5+ 29. Kh1 Qxh4 30. Rg1+ Bg5 31. Qxc7+ Kg6 32. Rg3 Rxf2 33. Rag1
Kf5 34. Qf7+ Bf6 35. Qxh7+ Kf4 36. Rg4+ Qxg4 37. Rxg4+ Ke3 38. Qe4+ Kd2 39. Rg2
1-0

[Event "Challenge"]
[Site "http://www.queenalice.com/game.php?id=1636157"]
[Date "2020.12.12"]
[Round "-"]
[White "Sam94"]
[Black "zmanomega"]
[Result "0-1"]
[WhiteElo "1470"]
[BlackElo "1644"]

1. d4 d5 2. c4 Nf6 3. e3 Ne4 4. cxd5 Qxd5 5. Bd3 e6 6. Nc3 Nxc3 7. bxc3 Qa5 8.
Bd2 Qd5 9. c4 Qxg2 10. Qf3 Qxf3 11. Nxf3 f6 12. c5 Nc6 13. Bb5 Bd7 14. a4 O-O-O
15. a5 a6 16. Bc4 e5 17. d5 Na7 18. d6 cxd6 19. cxd6 Bb5 20. Rc1 Kb8 21. Bxb5
Nxb5 22. Bb4 Nxd6 23. O-O g5 24. Rc3 g4 25. Nd2 h5 26. Rd1 Nf5 27. e4 Bxb4 28.
Rb3 Bxd2 29. Rdb1 Rh7 30. Rb6 Nd4 31. Rxa6 Nf3+ 32. Kg2 Rf7 33. Rab6 Bxa5 34.
R6b5 Bc3 35. R1b3 Bd4 36. Ra3 f5 37. Rba5 fxe4 38. Ra8+ Kc7 39. R8a4 h4 40. Rc4+
Kd6 41. h3 Ne1+ 42. Kg1 g3 43. Ra2 Bxf2+ 44. Kf1 g2+ 45. Ke2 g1=Q 46. Rd2+ Bd4
47. Rc1 Qf2+ 48. Kd1 Qf1 49. Re2 Nd3+ 50. Kd2 Qf4+ 51. Kd1 Nf2+ 52. Rxf2 Bxf2
53. Rc2 Ke6+ 54. Ke2 Qf3+ 55. Kf1 Rd1# 0-1

[Event "Challenge"]
[Site "http://www.queenalice.com/game.php?id=1645229"]
[Date "2021.3.1"]
[Round "-"]
[White "Sam94"]
[Black "dejami"]
[Result "1-0"]
[WhiteElo "1461"]
[BlackElo "1653"]

1. d4 d5 2. c4 dxc4 3. Nc3 c6 4. e4 b5 5. Be2 e6 6. Nf3 f6 7. O-O g5 8. e5 h6 9.
Nd2 Qxd4 10. Bh5+ Ke7 11. exf6+ Qxf6 12. Nde4 Qe5 13. b3 Nf6 14. Ba3+ c5 15.
Bxc5+ Qxc5 16. Nxc5 Nxh5 17. Qxh5 Bd7 18. Rae1 Nc6 19. Nd5+ Kd6 20. Ne4+ Kxd5
21. Nf6+ Kd6 22. Qd1+ Ke7 23. Qxd7+ Kxf6 24. Qxe6+ Kg7 25. Qxc6 Bb4 26. Re6 Rac8
27. Qd7+ Kf8 28. Qxc8+ Kg7 29. Qb7+ Kf8 30. Rd1 1-0

[Event "Challenge"]
[Site "http://www.queenalice.com/game.php?id=1645230"]
[Date "2021.3.1"]
[Round "-"]
[White "dejami"]
[Black "Sam94"]
[Result "1-0"]
[WhiteElo "1610"]
[BlackElo "1485"]

1. e4 d5 2. e5 e6 3. d4 Bb4+ 4. c3 Be7 5. h4 Nc6 6. g4 Bxh4 7. Nf3 g5 8. Na3 Bd7
9. Nc2 Nh6 10. Rxh4 gxh4 11. Bxh6 Rg8 12. Bh3 Rg6 13. Bf4 f5 14. g5 Rg7 15. Ng1
Na5 16. b3 h6 17. Qh5+ Kf8 18. gxh6 Rxg1+ 19. Ke2 Bb5+ 20. c4 Be8 21. Qf3 dxc4
22. Rxg1 cxb3 23. axb3 Nxb3 24. Qxb3 Bh5+ 25. f3 b6 26. h7 Kf7 27. Rg8 Qxg8 28.
hxg8=Q+ Rxg8 29. Qc4 Rc8 30. Qc6 a5 31. Qd7+ 1-0